Revista Innova

Detalles Bibliográficos
Formato: eBook
Lenguaje:español
Publicado: [s.l.] : Unisabaneta, 2010 -
Materias:
Acceso en línea:Acceso restringido

MARC

LEADER 00000nam a22000007a 4500
005 20170519131023.0
007 cr|||| ||||
008 170519c20102014co x|| s|||| 0|||b1spa d
022 |a 2027-1875 
035 |a 14736 
040 |a vLex 
090 |c 6677  |d 6677 
245 0 0 |a Revista Innova  |h [Recurso electrn̤ico] 
256 |a Servicio en ln̕ea 
260 |a [s.l.] :  |b Unisabaneta,  |c 2010 - 
300 |a 1 recurso electrn̤ico 
500 |a Esta revista no se edita actualmente. 
506 0 |a Contenido disponible en los productos indicados  |d vLex Global  |d vLex Global (Academic Edition, excluding Law Schools)  |d vLex Global (U.S. Academic Edition, Law Schools)  |d vLex Global (U.S. Academic Edition, excluding Law Schools)  |d vLex Global (Academic Edition, Law Schools) 
650 0 4 |a Derecho pb︢lico  |z Colombia 
650 0 4 |a Derecho administrativo  |z Colombia 
650 0 4 |a Economia  |z Colombia 
740 0 |a vLex Revistas (Servicio en ln̕ea) 
856 4 0 |u http://vlex.com/source/revista-innova-14736  |z Acceso restringido 
942 |c REV 
999 0 |a Public law 
999 0 |a Economics 
999 0 |a Administrative law